| 000 | 00479nam a22001337a 4500 | ||
|---|---|---|---|
| 999 |
_c527522 _d527522 |
||
| 008 | 240903b ||||| |||| 00| 0 eng d | ||
| 100 |
_aKashyap, Sham N. _957770 |
||
| 245 | _aThe evolution of local governance institutions of Mysore: Lessons for Panchayat raj Institutions | ||
| 260 | _aMadhya Pradesh Journal of Social Sciences | ||
| 300 | _a27(1), Jun, 2022: p.58-71 | ||
| 773 | _aMadhya Pradesh Journal of Social Sciences | ||
| 906 | _aLOCAL GOVERNMENT | ||
| 942 | _cAR | ||